000 00817nam a2200193zu 4500
007 c| || a||||
008 230921c2024 xxk||||o ||||o00| 0 eng d
041 _aeng
110 _94900
_aRoyal Institution of Chartered Surveyors
245 _aBuilding Safety Act FAQs
260 _bRICS,
_cRegularly updated
520 _aThis page contains answers to frequently asked questions on the topic of the Building Safety Act 2022 and its implementation. There are also links to key Government and professional body guidance
650 _aBUILDING CONTROL
650 _aBUILDING SAFETY ACT 2022
650 _aFIRE SAFETY
651 _aUnited Kingdom
710 _94900
_aRoyal Institution of Chartered Surveyors
856 _uhttps://www.rics.org/news-insights/building-safety-act-faqs
_zBSA FAQs available on RICS.org
999 _c121851
_d121851